000 00893nam a22002777a 4500
001 31457
003 BD-RjUL
005 20211209051714.0
008 140416r19811921ii ab 001 0 eng
035 _a(BD-RjUL)
040 _aDLC
_cDLC
_beng
_dBD-RjUL
041 _aeng
082 0 0 _a181.4
_bBAH 1981
100 1 _aBarua, Beni Madhab,
_d1888-1948.
_948905
245 1 2 _aA history of pre-Buddhistic Indian philosophy /
_cby Benimadhab Barua.
260 _aDelhi :
_bMotilal banarsidass,
_c1921 [Reprinted 1981].
300 _axxiv, 444 p. ;
_c24 cm.
500 _aMaster microform held by: ICRL.
504 _aIncludes bibliographical references and index.
650 0 _aPhilosophy, Indic.
_995708
830 0 _vitem 06935.
_995709
830 0 _aSAMP early 20th-century Indian books project ;
_995710
942 _2ddc
_cBK
999 _c31457
_d31457